=LDR 00000nam 2200000 4500 =001 INLIS000000000017117 =005 20200625084210 =035 ##$$a 0010-061300000017117 =008 200625################g##########0#ind## =041 ##$$a Ind =082 ##$$a 2x0.01 =090 ##$$a 2x0.01 Bak t =100 1#$$a Bakar, Osman =245 1#$$a Tauhid dan sains : $b Esai-esai Tentang Sejarah dan Filsafat Sains Islam /$c Osman Bakar =260 ##$$a Bamdung :$b Pustaka Hidayah,$c 1991 =300 ##$$a 279 hlm, ; $c 14 x 20 cm =650 #4$$a Islam-Sains =850 ##$$a NBPNMAT =084 ##$$a 2x0.01 BAK t =250 ##$$a cet.1 =990 ##$$a 71848/PB.94